00783nam a22002177a 450000500170000001000150001702000230003202000180005503500140007303700090008708200080009610000240010424500560012826000430018427000960022730000460032370000320036994200220040199900190042395201230044220250212110910.0 aENG-143710 a8170264820c495.00 a9788170264828 aEN-127242 bDBAD a881 aGupta, Ashok977510 aRomantic Sufism and contemplations/cBy Ashok Gupta aNew Delhi bHeritage Publishers c2021 a19-A, Ansari Road, Daryaganj bNew Delhi e110002k011-23264444minfo@heritagepublishers.in axi,132p.bConclusion, Referencec23cm(pb) aGupta Ashok eAuthor977415 2ddccENh881mGUP c208952d208952 001040708FICaLbLd2025-02-07eDBADg495.00l0o881 GUPpEN-127242r2025-02-07 00:00:00t1v495.00w2025-02-07yEN